| 000 | 00905nam a22002537a 4500 | ||
|---|---|---|---|
| 999 |
_c1118 _d1118 |
||
| 003 | AR-CdUCM | ||
| 008 | 190226b ||||| |||| 00| 0 spa d | ||
| 040 |
_aMUNICIPALIDAD PROVINCIAL DEL CUSCO _cBIBLIOTECA MUNICIPAL DEL CUSCO |
||
| 082 |
_a869.508 / _bAR71 |
||
| 100 |
_aArguedas, José María _9790 |
||
| 245 | _aPáginas escogidas / | ||
| 260 |
_aLima : _bUniverso, |
||
| 300 |
_a270 páginas ; _c17 cm. |
||
| 440 |
_aBiblioteca de autores peruanos. _n31 _94375 |
||
| 500 | _zIncluye referencias bibliográficas. | ||
| 505 | _aContenido: El cuentista -- El novelista -- El etnólogo y el folklorista -- El poeta -- Arguedas por Arguedas. | ||
| 650 |
_aLiteratos peruanos _9808 |
||
| 650 |
_aLiteratos siglo XX _94376 |
||
| 650 |
_aColecciones _9607 |
||
| 700 |
_a Oquendo, Abelardo (prólogo) _94377 |
||
| 700 |
_aWestphalen, Emilio (selección) _94378 |
||
| 942 |
_2ddc _cLIBROS |
||
| 945 | _azta | ||